| 000 | 00666nam a22002531 4500 | ||
|---|---|---|---|
| 001 | 24223 | ||
| 003 | BD-RjUL | ||
| 005 | 20211209001025.0 | ||
| 008 | 140312s1896 mau 000 1 eng | ||
| 035 | _a(BD-RjUL)24289 | ||
| 035 | _a(OCoLC)4292120 | ||
| 040 |
_aDLC _cFTaSU _dFTaSU _dDLC _dBD-RjUL _beng |
||
| 041 | 1 | _aengfre | |
| 082 |
_a843 _bBAC 1896 |
||
| 100 | 1 |
_aBalzac, Honoré de, _d1799-1850. _974615 |
|
| 245 | 1 | 0 |
_aCésar Birotteau / _cHonoré de Balzac |
| 250 | _aCax. ed. | ||
| 260 |
_aLondon : _bCaxton, _c1886. |
||
| 300 |
_a449 p. ; _c20 cm. |
||
| 650 | 0 |
_aFrench fiction _974616 |
|
| 942 |
_2ddc _cBK |
||
| 999 |
_c24223 _d24223 |
||